Industrial engineering & management (Record no. 70695)
[ view plain ]
| 000 -LEADER | |
|---|---|
| fixed length control field | 00435nam a22001697a 4500 |
| 003 - CONTROL NUMBER IDENTIFIER | |
| control field | NUST - PNEC |
| 005 - DATE AND TIME OF LATEST TRANSACTION | |
| control field | 20170116181146.0 |
| 008 - FIXED-LENGTH DATA ELEMENTS--GENERAL INFORMATION | |
| fixed length control field | 151012b xxu||||| |||| 00| 0 eng d |
| 020 ## - INTERNATIONAL STANDARD BOOK NUMBER | |
| International Standard Book Number | 8176841846 |
| 040 ## - CATALOGING SOURCE | |
| Transcribing agency | LIBRRAY |
| 082 ## - DEWEY DECIMAL CLASSIFICATION NUMBER | |
| Classification number | 658.5 CHI |
| 100 ## - MAIN ENTRY--PERSONAL NAME | |
| 9 (RLIN) | 14983 |
| Personal name | Chintakindi, S. R |
| 245 ## - TITLE STATEMENT | |
| Title | Industrial engineering & management |
| Statement of responsibility, etc. | S. R Chintakindi |
| 260 ## - PUBLICATION, DISTRIBUTION, ETC. | |
| Date of publication, distribution, etc. | c2003. |
| 650 ## - SUBJECT ADDED ENTRY--TOPICAL TERM | |
| 9 (RLIN) | 14985 |
| Topical term or geographic name entry element | Management |
| General subdivision | MIS |
| 942 ## - ADDED ENTRY ELEMENTS (KOHA) | |
| Source of classification or shelving scheme | |
| Koha item type | Book |
| Withdrawn status | Lost status | Source of classification or shelving scheme | Damaged status | Not for loan | Permanent Location | Current Location | Shelving location | Date acquired | Total Checkouts | Full call number | Barcode | Date last seen | Date last checked out | Price effective from | Koha item type |
|---|---|---|---|---|---|---|---|---|---|---|---|---|---|---|---|
| Pakistan Navy Engineering College (PNEC) | Pakistan Navy Engineering College (PNEC) | 1 | 658.5 CHI | PNECLIB-026793 | 09/23/2016 | 09/15/2016 | Book |
